| 000 | 00296nam a2200121 i 4500 | ||
|---|---|---|---|
| 001 | bg | ||
| 245 | 0 |
_aWymiarowanie elementów żelbetowych / _cpod red. K. Dąbrowskiego. |
|
| 260 |
_aLublin, _c1984. |
||
| 040 | _cBPK | ||
| 041 | _apol | ||
| 942 | _cKS | ||
| 008 | s pl f |000 0 pol | ||
| 999 |
_c28013 _d28013 |
||
| 856 |
_uhttp://koha.tu.koszalin.pl/cgi-bin/koha/opac-detail.pl?biblionumber=28013 _yKatalog online BPK |
||